[Event "Stuttgarter Stadtmeisterschaft B-Turnier"]
[Site "Ditzingen"]
[Date "2009.05.23"]
[Round "6.22"]
[White "Schnorr, Christian"]
[Black "Holschke, Christian"]
[Result "1-0"]
[WhiteElo "1766"]
[BlackElo "1553"]
[PlyCount "55"]
[EventDate "2009.??.??"]
[WhiteTeam "SV Stuttgart-Wolfbusch 1956 e.V."]
[BlackTeam "SC Neckarsulm e.V."]

1. e4 c6 2. d4 d5 3. f3 e6 4. Nc3 Nd7 5. Bf4 Bb4 6. Bd3 Ne7 7. Qd2 Ng6 8. Bg3
b6 9. a3 Be7 10. Nge2 Nf6 11. e5 Nh5 12. Bf2 Bg5 13. Be3 Bxe3 14. Qxe3 Qh4+ 15.
g3 Qh3 16. Qf2 Nxg3 17. Qxg3 Qh6 18. f4 O-O 19. h3 f5 20. Qg5 Qxg5 21. fxg5 Nh4
22. Rf1 f4 23. Rf2 a5 24. O-O-O Ra7 25. Nxf4 Raf7 26. Rdf1 Ng6 27. Bxg6 hxg6
28. Nd3 1-0

[Event "Stuttgarter Stadtmeisterschaft B-Turnier"]
[Site "Ditzingen"]
[Date "2009.05.23"]
[Round "6.23"]
[White "Spiegelberg, Silvia"]
[Black "Schnorr, Elke"]
[Result "1/2-1/2"]
[WhiteElo "1553"]
[BlackElo "1765"]
[PlyCount "89"]
[EventDate "2009.??.??"]
[WhiteTeam "SK Freiburg Zähringen 1887 e.V."]
[BlackTeam "SV Stuttgart-Wolfbusch 1956 e.V."]

1. e4 c5 2. Nf3 e6 3. d4 cxd4 4. Nxd4 Nf6 5. Nc3 d6 6. Be2 a6 7. a4 Qc7 8. O-O
Be7 9. Re1 O-O 10. Qd3 Nbd7 11. Bd2 Nc5 12. Qc4 Qd7 13. Bf3 e5 14. Nde2 b6 15.
Ng3 Bb7 16. Rad1 Rac8 17. Qb4 Qc7 18. Nf5 Bd8 19. Bg5 Ne8 20. Be3 a5 21. Qa3
Bc6 22. Rd2 Qb7 23. Ng3 Nf6 24. Bg5 Ne8 25. Be3 Be7 26. Nf5 Qc7 27. Rdd1 h6 28.
Nb5 Bxb5 29. axb5 Nf6 30. Bc1 Rfd8 31. Qe3 Bf8 32. Qd2 Qd7 33. c4 Nb3 34. Qd3
Nxc1 35. Rxc1 Qe6 36. b3 Nd7 37. Bg4 Qg6 38. Qg3 Nf6 39. Bh3 Qxg3 40. fxg3 Rc7
41. Rcd1 g6 42. Ne3 h5 43. Nd5 Nxd5 44. Rxd5 g5 45. Bf5 1/2-1/2

[Event "Stuttgarter Stadtmeisterschaft B-Turnier"]
[Site "Ditzingen"]
[Date "2009.05.23"]
[Round "6.25"]
[White "Schäfer-Siebert, Heiko"]
[Black "Aubel, Stefan"]
[Result "1-0"]
[WhiteElo "1899"]
[BlackElo "1591"]
[PlyCount "29"]
[EventDate "2009.??.??"]
[WhiteTeam "SAbt TSV Münchingen"]
[BlackTeam "SAbt TSV Zuffenhausen"]

1. e4 c5 2. Nf3 Nc6 3. d4 cxd4 4. Nxd4 Nf6 5. Nc3 d6 6. Be2 g6 7. Be3 Bg7 8.
Qd2 Bd7 9. f3 a6 10. g4 Kf8 11. h4 Ne8 12. O-O-O b5 13. h5 Qb8 14. Nxc6 Bxc6
15. h6 1-0

[Event "Stuttgarter Stadtmeisterschaft B-Turnier"]
[Site "Ditzingen"]
[Date "2009.05.23"]
[Round "6.26"]
[White "Rieder, Josef"]
[Black "Gorb, Eugeniusz"]
[Result "1-0"]
[WhiteElo "1879"]
[BlackElo "1537"]
[PlyCount "120"]
[EventDate "2009.??.??"]
[WhiteTeam "Stuttgarter SF 1879"]
[BlackTeam "SC Gross-Sachsenheim"]

1. e4 e6 2. d4 d5 3. Nd2 c5 4. c3 Nc6 5. Bb5 Bd7 6. Ne2 a6 7. Ba4 Rc8 8. O-O
Bd6 9. e5 Bc7 10. Nf3 h6 11. Bxc6 Bxc6 12. dxc5 Ne7 13. Ned4 O-O 14. Re1 Bb8
15. b4 Ng6 16. a4 Bd7 17. Bd2 f6 18. exf6 Rxf6 19. g3 Qf8 20. Qe2 e5 21. Nxe5
Nxe5 22. f4 Bg4 23. Qg2 Nd3 24. Re3 Nxf4 25. gxf4 Rg6 26. Kh1 Kh7 27. Rg3 Bxf4
28. Bxf4 Qxf4 29. Qxd5 Rg5 30. Qg2 Rf8 31. Kg1 Re8 32. Rf1 Qe4 33. Qxe4+ Rxe4
34. Rf7 Bc8 35. Rxg5 hxg5 36. Kf2 Rf4+ 37. Rxf4 gxf4 38. b5 g5 39. c4 Kg6 40.
c6 Kf6 41. cxb7 Bxb7 42. c5 axb5 43. axb5 Bd5 44. c6 Ke5 45. c7 Bb7 46. Nf3+
Kd6 47. Nxg5 Kxc7 48. h4 Bd5 49. h5 Bc4 50. h6 Bd3 51. Kf3 Bg6 52. Kxf4 Kb6 53.
Ke5 Kxb5 54. Kf6 Bd3 55. Kg7 Kc5 56. Ne6+ Kd6 57. Nf4 Bf5 58. Ng6 Kc5 59. h7
Bd3 60. h8=Q Kb4 1-0

[Event "Stuttgarter Stadtmeisterschaft B-Turnier"]
[Site "Ditzingen"]
[Date "2009.05.23"]
[Round "6.27"]
[White "Klett, Hartmut"]
[Black "Heiler, Karl"]
[Result "0-1"]
[WhiteElo "1638"]
[BlackElo "1860"]
[PlyCount "108"]
[EventDate "2009.??.??"]
[WhiteTeam "SAbt GSV Hemmingen"]
[BlackTeam "SC Bad Schussenried e.V."]

1. d4 c5 2. e3 cxd4 3. exd4 d5 4. Nf3 Nc6 5. c3 Nf6 6. Bd3 Bg4 7. Bf4 Qb6 8. b3
e6 9. O-O Be7 10. Nbd2 O-O 11. Re1 Rac8 12. h3 Bh5 13. g4 Bg6 14. Bxg6 hxg6 15.
Re3 Nb8 16. Bxb8 Rxb8 17. Ne5 Rfd8 18. h4 Qc7 19. Qf3 Bd6 20. h5 g5 21. h6 Qe7
22. Kg2 gxh6 23. Rh1 Kg7 24. Qh3 Rh8 25. Rf3 Rbf8 26. Nf1 h5 27. gxh5 Rxh5 28.
Qg3 Ne4 29. Qg4 Rxh1 30. Kxh1 f5 31. Qh5 Rh8 32. Qxh8+ Kxh8 33. Ng6+ Kg7 34.
Nxe7 Bxe7 35. Kg2 g4 36. Rd3 Ng5 37. Nd2 Nh3 38. Kf1 Bh4 39. c4 Nxf2 40. Rc3 f4
41. cxd5 exd5 42. Rc7+ Kg6 43. Rxb7 Nd1 44. Rxa7 f3 45. Ra6+ Kf5 46. Kg1 f2+
47. Kh1 Ne3 48. Ra8 g3 49. Rf8+ Kg4 50. Rxf2 gxf2 51. b4 Be7 52. a3 f1=Q+ 53.
Nxf1 Nxf1 54. Kg2 Ne3+ 0-1

[Event "Stuttgarter Stadtmeisterschaft B-Turnier"]
[Site "Ditzingen"]
[Date "2009.05.23"]
[Round "6.28"]
[White "Krebs, Thomas"]
[Black "Florio, Antonio"]
[Result "0-1"]
[WhiteElo "1625"]
[BlackElo "1776"]
[PlyCount "58"]
[EventDate "2009.??.??"]
[WhiteTeam "SK e4 Gerlingen"]
[BlackTeam "SV Besigheim"]

1. d4 Nf6 2. c4 e6 3. Nc3 Bb4 4. Bd2 b6 5. Nf3 Bb7 6. e3 O-O 7. Be2 Bxc3 8.
Bxc3 Ne4 9. Qc2 f5 10. Bd3 d6 11. O-O-O Nd7 12. Rhg1 Ndf6 13. h3 Nxc3 14. Qxc3
Ne4 15. Qc2 c5 16. Kb1 Qf6 17. Ka1 a5 18. a4 Rac8 19. Rdf1 Bc6 20. Ka2 Rc7 21.
Qb3 Rfc8 22. Qd1 d5 23. Bxe4 fxe4 24. Ne5 dxc4 25. Nxc4 Bd5 26. b3 Bxc4 27.
bxc4 cxd4 28. Qxd4 Rxc4 29. Qxf6 Rxa4+ 0-1

[Event "Stuttgarter Stadtmeisterschaft B-Turnier"]
[Site "Ditzingen"]
[Date "2009.05.23"]
[Round "6.29"]
[White "Boyarchenko, Vlada"]
[Black "Schmitz, Harald"]
[Result "1/2-1/2"]
[WhiteElo "1607"]
[BlackElo "1757"]
[PlyCount "28"]
[EventDate "2009.??.??"]
[BlackTeam "SG Fasanenhof"]

1. e4 e6 2. d4 d5 3. exd5 exd5 4. Qf3 Nf6 5. h3 Be7 6. Bd3 O-O 7. Ne2 Re8 8.
O-O Nc6 9. c3 h6 10. Nf4 Bf8 11. Nh5 Nxh5 12. Qxh5 Qd6 13. Nd2 g6 14. Qh4 Qe7
1/2-1/2

[Event "Stuttgarter Stadtmeisterschaft B-Turnier"]
[Site "Ditzingen"]
[Date "2009.05.23"]
[Round "6.30"]
[White "Pfeilsticker, Thorsten"]
[Black "Mainik, Philipp"]
[Result "1-0"]
[WhiteElo "1567"]
[BlackElo "1706"]
[PlyCount "47"]
[EventDate "2009.??.??"]
[WhiteTeam "SV Stuttgart-Wolfbusch 1956 e.V."]
[BlackTeam "SV Fellbach"]

1. d4 e6 2. Nf3 Nf6 3. e3 d5 4. Bd3 c5 5. c3 Nc6 6. Nbd2 Bd7 7. O-O cxd4 8.
exd4 Bd6 9. Re1 O-O 10. Nf1 Qc7 11. Bg5 Be7 12. Bh4 h6 13. Ne5 Kh8 14. Ne3 Nxe5
15. dxe5 Ng8 16. Bxe7 Nxe7 17. Ng4 Ng6 18. Qd2 h5 19. Nf6 Qd8 20. Qg5 gxf6 21.
exf6 Kg8 22. Bxg6 fxg6 23. Qxg6+ Kh8 24. Qg7# 1-0

[Event "Stuttgarter Stadtmeisterschaft B-Turnier"]
[Site "Ditzingen"]
[Date "2009.05.23"]
[Round "6.32"]
[White "Brittschock-Schrall, Bärbel"]
[Black "Fischer, Stefan"]
[Result "1/2-1/2"]
[WhiteElo "1542"]
[BlackElo "1687"]
[PlyCount "112"]
[EventDate "2009.??.??"]
[WhiteTeam "SV Besigheim"]
[BlackTeam "Göppingen"]

1. d4 f5 2. Nf3 e6 3. Nc3 Nf6 4. Bf4 d6 5. e3 g6 6. Bc4 Bg7 7. Ng5 Qe7 8. Nb5
a6 9. Nxc7+ Qxc7 10. Bxe6 Bxe6 11. Nxe6 Qe7 12. Nxg7+ Qxg7 13. Bxd6 Nc6 14. c4
Ne4 15. Ba3 O-O-O 16. Rb1 Qf7 17. Rc1 h5 18. f3 Nd6 19. Bxd6 Rxd6 20. d5 Ne5
21. Qd4 Re8 22. Qc5+ Qc7 23. Qxc7+ Kxc7 24. Ke2 b6 25. Rhd1 Kb7 26. h3 Rc8 27.
b3 Nd7 28. e4 Re8 29. Ke3 fxe4 30. fxe4 Nc5 31. Rd4 a5 32. Rf1 Re7 33. Rf2 Nd7
34. Kf4 Rf6+ 35. Ke3 Rxf2 36. Kxf2 Rf7+ 37. Ke3 Kc7 38. a3 Kd6 39. b4 axb4 40.
axb4 Ne5 41. c5+ bxc5 42. bxc5+ Kxc5 43. d6 Nc4+ 44. Kd3 Nxd6 45. Rd5+ Kc6 46.
Kd4 Rf2 47. Rg5 Rf4 48. Rxg6 Rxe4+ 49. Kd3 Re5 50. Kd4 Rf5 51. g3 Rd5+ 52. Ke3
Kc5 53. h4 Kc4 54. Kf4 Kd4 55. Rg5 Ne4 56. Rxd5+ Kxd5 1/2-1/2

[Event "Stuttgarter Stadtmeisterschaft B-Turnier"]
[Site "Ditzingen"]
[Date "2009.05.23"]
[Round "6.33"]
[White "Penzkofer, Ralf"]
[Black "Hegel, Pius"]
[Result "1-0"]
[WhiteElo "1662"]
[BlackElo "1526"]
[PlyCount "87"]
[EventDate "2009.??.??"]
[WhiteTeam "SVG Vaihingen/Enz"]
[BlackTeam "SC Turm 82 Schweinfurt"]

1. d4 d5 2. c4 e5 3. dxe5 d4 4. Nf3 Nc6 5. g3 Bg4 6. Bg2 Qd7 7. O-O Bc5 8. Qb3
O-O-O 9. Rd1 h6 10. Nbd2 Nge7 11. a3 Ng6 12. Qb5 Bb6 13. Qa4 Ncxe5 14. Qxd7+
Rxd7 15. b3 Re8 16. h3 Bxf3 17. Nxf3 Nxf3+ 18. Bxf3 Kb8 19. b4 c5 20. Ra2 Ne5
21. Bf4 g5 22. Bxe5+ Rxe5 23. Rd3 Rde7 24. Kf1 f5 25. Bd5 Kc7 26. b5 Kd6 27.
Bg2 Bd8 28. a4 b6 29. Bc6 Rf7 30. e3 Kc7 31. exd4 cxd4 32. Rxd4 Bf6 33. Rad2
Ree7 34. R4d3 g4 35. hxg4 fxg4 36. Kg2 h5 37. Rd8 h4 38. gxh4 Bxh4 39. Ra8 Bg5
40. Rxa7+ Kc8 41. Ra8+ Kc7 42. Rdd8 Rxf2+ 43. Kxf2 Rf7+ 44. Kg2 1-0

[Event "Stuttgarter Stadtmeisterschaft B-Turnier"]
[Site "Ditzingen"]
[Date "2009.05.23"]
[Round "6.34"]
[White "Domingos, Antonio"]
[Black "Strauss, Martin"]
[Result "0-1"]
[WhiteElo "1504"]
[BlackElo "1660"]
[PlyCount "113"]
[EventDate "2009.??.??"]
[WhiteTeam "SK Bietigheim-Bissingen"]
[BlackTeam "SC Sillenbuch"]

1. e4 e5 2. Nf3 Nc6 3. Bb5 Nf6 4. O-O Nxe4 5. Re1 Nd6 6. Nxe5 Nxe5 7. Rxe5+ Be7
8. Ba4 O-O 9. d3 Bf6 10. Re1 Re8 11. c3 b5 12. Bc2 Bb7 13. Bf4 Rxe1+ 14. Qxe1
Qe8 15. Nd2 Qe6 16. Qxe6 dxe6 17. Ne4 Nxe4 18. dxe4 e5 19. Be3 Bc6 20. Rd1 a6
21. f3 Kf8 22. Kf2 Ke8 23. Bc5 a5 24. a3 Be7 25. Bxe7 Kxe7 26. Ke3 b4 27. axb4
axb4 28. cxb4 Rb8 29. b5 Bxb5 30. Rd5 f6 31. Rc5 c6 32. b3 Kd6 33. Rc3 Ra8 34.
Bd3 Ra2 35. Bc2 Ra1 36. Kf2 Rc1 37. h3 Kc7 38. Kg3 Kb6 39. b4 Ba4 40. Rd3 Rxc2
41. Rd7 Rc4 42. Rxg7 Rxb4 43. Rxh7 c5 44. Rh6 c4 45. Rxf6+ Bc6 46. Rd6 c3 47.
Rd1 c2 48. Rc1 Ba4 49. h4 Rd4 50. h5 Rd1 51. Rxc2 Bxc2 52. Kg4 Rg1 53. g3 Bd1
54. h6 Rh1 55. Kg5 Bxf3 56. Kg6 Bxe4+ 57. Kg7 0-1

[Event "Stuttgarter Stadtmeisterschaft B-Turnier"]
[Site "Ditzingen"]
[Date "2009.05.23"]
[Round "6.35"]
[White "Fuss, Thomas"]
[Black "Schiller, Anna-Katharina"]
[Result "1-0"]
[WhiteElo "1819"]
[BlackElo "1508"]
[PlyCount "53"]
[EventDate "2009.??.??"]
[WhiteTeam "SV Rottweil"]
[BlackTeam "SV Fellbach"]

1. d4 d5 2. Bf4 Nf6 3. e3 e6 4. Bd3 c5 5. c3 Nc6 6. Nd2 Be7 7. Ngf3 O-O 8. Ne5
Nxe5 9. dxe5 Nd7 10. Qh5 g6 11. Qh3 Bg5 12. Nf3 Bxf4 13. exf4 f5 14. Qg3 c4 15.
Bc2 Nc5 16. h4 Rf7 17. Ng5 Rg7 18. h5 Qe8 19. hxg6 Qxg6 20. Qh3 Bd7 21. O-O-O
a5 22. Rh2 Re8 23. Rdh1 Ree7 24. Qe3 b6 25. Rh6 Qe8 26. Qh3 Bc8 27. Nxh7 1-0

[Event "Stuttgarter Stadtmeisterschaft B-Turnier"]
[Site "Ditzingen"]
[Date "2009.05.23"]
[Round "6.36"]
[White "Riepert, Steffen"]
[Black "Roß, Torsten"]
[Result "0-1"]
[WhiteElo "1641"]
[BlackElo "1876"]
[PlyCount "68"]
[EventDate "2009.??.??"]

1. e4 e6 2. d4 d5 3. Nc3 Nf6 4. Bg5 Be7 5. e5 Nfd7 6. Bxe7 Qxe7 7. f4 a6 8. Nf3
c5 9. g3 Nc6 10. Bg2 cxd4 11. Nxd4 O-O 12. Qd2 f6 13. Nxc6 bxc6 14. exf6 Nxf6
15. O-O-O Rb8 16. Rhe1 Qb4 17. b3 c5 18. Na4 Qa3+ 19. Kb1 Qxa4 20. f5 Ne4 21.
Bxe4 dxe4 22. Qd6 Qb5 23. fxe6 Qb6 24. Qxb6 Rxb6 25. e7 Re8 26. Rxe4 Re6 27.
Rd8 Kf7 28. Rxe6 Bxe6 29. Rd6 Bc8 30. Rc6 Kxe7 31. Rxc5 Kd6 32. Rg5 g6 33. h4
Bf5 34. g4 h6 0-1

[Event "Stuttgarter Stadtmeisterschaft B-Turnier"]
[Site "Ditzingen"]
[Date "2009.05.23"]
[Round "6.37"]
[White "Zaytsev, Evgeny"]
[Black "Wilhelm, Jens"]
[Result "1/2-1/2"]
[WhiteElo "1810"]
[BlackElo "1542"]
[PlyCount "77"]
[EventDate "2009.??.??"]
[WhiteTeam "Stuttgarter SF 1879"]
[BlackTeam "Sabt SpVgg Rommelshausen"]

1. e4 c5 2. Nf3 d6 3. d4 cxd4 4. Nxd4 g6 5. Nc3 Bg7 6. Bc4 Nf6 7. O-O O-O 8.
Bb3 Nbd7 9. Be3 Nc5 10. Bd5 e6 11. Bb3 Ncxe4 12. h4 Nxc3 13. bxc3 d5 14. f3 a6
15. Qe1 Qc7 16. Ne2 Bd7 17. a4 b5 18. a5 Rac8 19. Bb6 Qd6 20. Rd1 Nh5 21. Be3
Qc7 22. g4 Nf6 23. Qf2 Bc6 24. Ng3 Nd7 25. h5 Bxc3 26. Bd4 Bb7 27. h6 Bxd4 28.
Rxd4 Qc5 29. f4 Nf6 30. g5 Ne4 31. Nxe4 dxe4 32. Rfd1 Qf5 33. Qg3 e3 34. Qxe3
Qg4+ 35. Kf1 Bf3 36. R1d2 Qh3+ 37. Ke1 Qh1+ 38. Kf2 Qg2+ 39. Ke1 1/2-1/2

[Event "Stuttgarter Stadtmeisterschaft B-Turnier"]
[Site "Ditzingen"]
[Date "2009.05.23"]
[Round "6.38"]
[White "Schmidt, Armin"]
[Black "Naundorf, Jo-Jan"]
[Result "1-0"]
[WhiteElo "1585"]
[BlackElo "1796"]
[PlyCount "167"]
[EventDate "2009.??.??"]
[WhiteTeam "SF Schwarz-Weiß Merzhausen"]
[BlackTeam "SF Oeffingen e.V."]

1. e4 c5 2. Nf3 d6 3. d4 cxd4 4. Nxd4 Nf6 5. Nc3 g6 6. Be3 Bg7 7. f3 O-O 8. Qd2
Nc6 9. O-O-O Bd7 10. g4 a6 11. h4 b5 12. a3 Nxd4 13. Bxd4 Qa5 14. Qe3 Rfb8 15.
Rd3 b4 16. Nb1 Ba4 17. h5 Rc8 18. Rd2 Rab8 19. hxg6 fxg6 20. Rh3 bxa3 21. Nxa3
Rb3 22. Bc4+ Rxc4 23. Nxc4 Rxe3 24. Nxa5 Re1+ 25. Rd1 Re2 26. b3 Bb5 27. Rhh1
Nd7 28. Bxg7 Kxg7 29. c4 Re3 30. cxb5 axb5 31. Rh3 Ne5 32. Kd2 Rd3+ 33. Ke2 Rc3
34. Rdh1 Rc7 35. g5 Ra7 36. Rxh7+ Kf8 37. b4 Rc7 38. Rd1 Rc2+ 39. Rd2 Rc3 40.
Rh3 Kf7 41. Rd5 Rc2+ 42. Ke3 Rc3+ 43. Ke2 Rc2+ 44. Rd2 Rc3 45. Nb7 Nc6 46. Rh7+
Kg8 47. Rh6 Kg7 48. Nxd6 exd6 49. Rxd6 Ne5 50. Rh3 Rc2+ 51. Rd2 Rc4 52. Rd5 Nc6
53. Rd7+ Kg8 54. Rh6 Ne5 55. Rd8+ Kg7 56. Rdh8 Kf7 57. R6h7+ Ke6 58. Rb8 Rc3
59. Rb6+ Nc6 60. Rg7 Ke5 61. Rxb5+ Kf4 62. Rf7+ Kg3 63. Rc5 Nd4+ 64. Kd1 Rd3+
65. Ke1 Nxf3+ 66. Ke2 Rb3 67. b5 Nd4+ 68. Kd2 Kg4 69. Rd7 Nxb5 70. e5 Kf5 71.
Rb7 Nd4 72. Rf7+ Ke6 73. Rf6+ Ke7 74. Rc7+ Ke8 75. Rxg6 Rf3 76. Ra6 Kd8 77. Rh7
Nb3+ 78. Kc2 Nd4+ 79. Kb2 Rb3+ 80. Kc1 Ne2+ 81. Kd2 Rb2+ 82. Ke3 Rb8 83. Kxe2
Kc8 84. Rg6 1-0

[Event "Stuttgarter Stadtmeisterschaft B-Turnier"]
[Site "Ditzingen"]
[Date "2009.05.23"]
[Round "6.39"]
[White "Straub, Reiner"]
[Black "Schmidt, Heiko"]
[Result "1-0"]
[WhiteElo "1736"]
[BlackElo "1493"]
[PlyCount "120"]
[EventDate "2009.??.??"]
[WhiteTeam "SC Leinfelden"]
[BlackTeam "SC Stetten a.d.F."]

1. e4 b6 2. d4 Bb7 3. Bd3 Nf6 4. Qe2 e6 5. Nf3 d6 6. O-O Be7 7. c3 O-O 8. Qc2
d5 9. Nbd2 dxe4 10. Nxe4 Bxe4 11. Bxe4 Nxe4 12. Qxe4 Qd5 13. Qe2 c5 14. c4 Qc6
15. d5 Qd7 16. dxe6 Qxe6 17. Qxe6 fxe6 18. Re1 Kf7 19. Bg5 Bf6 20. Re2 Nc6 21.
Bxf6 gxf6 22. Rd2 Rad8 23. Rad1 Rxd2 24. Rxd2 Rd8 25. Rxd8 Nxd8 26. Kf1 Nc6 27.
Ke2 Nd4+ 28. Kd3 e5 29. Ne1 Ke6 30. g4 h6 31. Ke4 Nc6 32. Nd3 Na5 33. b3 Nc6
34. f3 Nd8 35. h4 Nf7 36. f4 Nd6+ 37. Ke3 e4 38. f5+ Kf7 39. Nf2 h5 40. Nxe4
Ne8 41. g5 fxg5 42. hxg5 Ng7 43. g6+ Kf8 44. f6 h4 45. fxg7+ Kxg7 46. Nd6 a6
47. a4 Kxg6 48. Kf3 Kf6 49. Nc8 Ke5 50. Nxb6 Kd4 51. Nd7 a5 52. Kg4 h3 53. Kxh3
Kc3 54. Nxc5 Kb4 55. Kg3 Kxc5 56. Kf3 Kd4 57. Ke2 Kc5 58. Kd3 Kd6 59. Kd4 Kc6
60. c5 Kd7 1-0

[Event "Stuttgarter Stadtmeisterschaft B-Turnier"]
[Site "Ditzingen"]
[Date "2009.05.23"]
[Round "6.40"]
[White "Cummings, Orlyn"]
[Black "Marx, Alexander"]
[Result "1-0"]
[WhiteElo "1585"]
[BlackElo "1701"]
[PlyCount "48"]
[EventDate "2009.??.??"]
[WhiteTeam "SC Ingersheim e.V."]
[BlackTeam "Pinneberger SC 1932 eV"]

1. e4 e6 2. d4 d5 3. e5 Ne7 4. Bd3 Nf5 5. Bxf5 exf5 6. Ne2 Be7 7. Qd3 b6 8. c3
O-O 9. O-O f6 10. f4 c5 11. Re1 Qc7 12. Be3 fxe5 13. fxe5 Qc6 14. Nd2 Nd7 15.
Nf3 Bb7 16. Rac1 Rf7 17. Bg5 Raf8 18. Nf4 Bxg5 19. Nxg5 Re7 20. Qg3 g6 21. Qh4
Rfe8 22. Nf3 Nf8 23. Qh6 Bc8 24. Nh5 Re6 1-0

[Event "Stuttgarter Stadtmeisterschaft B-Turnier"]
[Site "Ditzingen"]
[Date "2009.05.23"]
[Round "6.41"]
[White "Weisensel, Wolfgang"]
[Black "Ziegler, Michael"]
[Result "0-1"]
[WhiteElo "1531"]
[BlackElo "1700"]
[PlyCount "53"]
[EventDate "2009.??.??"]
[WhiteTeam "Stuttgarter SF 1879"]
[BlackTeam "SF 59 Kornwestheim"]

1. d4 Nf6 2. Nf3 d6 3. g3 g6 4. Bg2 Bg7 5. O-O O-O 6. Nc3 Nbd7 7. Re1 Nb6 8.
Bg5 c6 9. e4 Qc7 10. Rb1 Bg4 11. h3 Bxf3 12. Bxf3 Rfe8 13. Qd3 e5 14. Bxf6 Bxf6
15. d5 c5 16. Bg2 a6 17. Qf1 Bg7 18. Nd1 Nd7 19. c3 b5 20. Ne3 Qa5 21. Ra1 c4
22. Nc2 Rac8 23. a3 Nc5 24. Nb4 Qb6 25. Qe2 a5 26. Qe3 axb4 27. axb4 0-1

[Event "Stuttgarter Stadtmeisterschaft B-Turnier"]
[Site "Ditzingen"]
[Date "2009.05.23"]
[Round "6.42"]
[White "Gibicar, Miran"]
[Black "Kreutz, Daniel"]
[Result "0-1"]
[WhiteElo "1438"]
[BlackElo "1663"]
[PlyCount "52"]
[EventDate "2009.??.??"]
[WhiteTeam "SAbt VfL Sindelfingen"]
[BlackTeam "Pulheimer Sport-Club 1924/57 e.V"]

1. d4 Nf6 2. Nf3 e6 3. e3 b6 4. Bd3 Bb7 5. O-O Be7 6. c4 O-O 7. Nc3 d5 8. cxd5
exd5 9. Qc2 c5 10. b3 Nc6 11. a3 cxd4 12. exd4 Rc8 13. Re1 Bd6 14. Bb2 Ne7 15.
Qd2 Ng6 16. Rac1 Bf4 17. Qd1 Bxc1 18. Bxc1 Rxc3 19. Bg5 Qd6 20. Ne5 Ne4 21.
Nxg6 hxg6 22. Bh4 Qxa3 23. Bxe4 dxe4 24. d5 Qxb3 25. d6 Qxd1 26. Rxd1 Rd3 0-1

[Event "Stuttgarter Stadtmeisterschaft B-Turnier"]
[Site "Ditzingen"]
[Date "2009.05.23"]
[Round "6.43"]
[White "Helmbrecht, Kurt"]
[Black "Wolf, Adam"]
[Result "1/2-1/2"]
[WhiteElo "1657"]
[BlackElo "1582"]
[PlyCount "40"]
[EventDate "2009.??.??"]
[WhiteTeam "SV Fellbach"]
[BlackTeam "SF 59 Kornwestheim"]

1. e4 d6 2. d4 Nf6 3. Nc3 g6 4. h3 Bg7 5. Bc4 e6 6. Nf3 O-O 7. O-O c5 8. dxc5
dxc5 9. Qxd8 Rxd8 10. Bg5 h6 11. Bh4 g5 12. Bg3 Nc6 13. Rfd1 Nd4 14. Kf1 b6 15.
Rd2 Bb7 16. Rad1 Nxe4 17. Nxe4 Bxe4 18. c3 Nc6 19. Rxd8+ Rxd8 20. Rxd8+ Nxd8
1/2-1/2

[Event "Stuttgarter Stadtmeisterschaft B-Turnier"]
[Site "Ditzingen"]
[Date "2009.05.23"]
[Round "6.44"]
[White "Baumann, Michaela"]
[Black "Lörincz, Peter"]
[Result "1/2-1/2"]
[WhiteElo "1413"]
[BlackElo "1650"]
[PlyCount "88"]
[EventDate "2009.??.??"]
[WhiteTeam "SK Wernau"]
[BlackTeam "SK Lauffen"]

1. d4 Nc6 2. Nf3 d5 3. e3 Bf5 4. c4 e6 5. a3 Bd6 6. Nc3 Nf6 7. Be2 dxc4 8. Bxc4
O-O 9. O-O Ne7 10. b4 c6 11. Bb2 Ng6 12. Bd3 Bxd3 13. Qxd3 b6 14. Ne4 Be7 15.
Rfd1 Nd5 16. Rac1 Rc8 17. b5 cxb5 18. Qxb5 Rxc1 19. Rxc1 h6 20. Nc3 Bd6 21.
Nxd5 exd5 22. Qc6 Qe7 23. Qc3 Qe6 24. Qd3 a5 25. a4 Ne7 26. Ba3 Bxa3 27. Qxa3
Nc6 28. Qc3 Nb4 29. Qc7 f6 30. Qb7 Kh7 31. Rc7 Rg8 32. g3 Qg4 33. Kg2 Qe4 34.
Qxb6 Nd3 35. Qxa5 Rb8 36. Rxg7+ Kxg7 37. Qc7+ Kg6 38. Qxb8 Ne1+ 39. Kf1 Nxf3
40. g4 Nxh2+ 41. Qxh2 Qd3+ 42. Kg2 Qe4+ 43. f3 Qc2+ 44. Kg3 Qxa4 1/2-1/2

[Event "Stuttgarter Stadtmeisterschaft B-Turnier"]
[Site "Ditzingen"]
[Date "2009.05.23"]
[Round "6.45"]
[White "Heilmeier, Tom"]
[Black "Gheng, Hannelore"]
[Result "0-1"]
[WhiteElo "1342"]
[BlackElo "1649"]
[PlyCount "102"]
[EventDate "2009.??.??"]
[WhiteTeam "SC Grunbach"]
[BlackTeam "SF Deizisau"]

1. e4 c5 2. Nf3 d6 3. d4 cxd4 4. Nxd4 Nf6 5. Nc3 g6 6. Be3 Bg7 7. f3 O-O 8. Qd2
Nc6 9. Nxc6 bxc6 10. Bh6 Rb8 11. Bxg7 Kxg7 12. O-O-O Be6 13. Be2 Qa5 14. Kb1
Qa3 15. b3 c5 16. Nb5 Qa6 17. Nc7 Qc6 18. Nxe6+ fxe6 19. h4 d5 20. e5 Nh5 21.
Qg5 Rb7 22. g3 Rf5 23. Qg4 Rxe5 24. Bd3 c4 25. Qd4 Qc7 26. f4 Nxg3 27. Rhg1
cxd3 28. Rd2 Ne2 29. Rxe2 dxe2 30. Qxe5+ Qxe5 31. fxe5 Rb4 32. Re1 Rxh4 33.
Rxe2 Re4 34. Rxe4 dxe4 35. Kc1 Kf8 36. Kd2 h5 37. Ke3 h4 38. Kxe4 h3 39. Kf3 g5
40. Kg3 g4 41. c4 Ke8 42. a4 a5 43. Kf2 h2 44. Kg2 g3 45. Kh1 Kd7 46. Kg2 Kc6
47. Kh1 Kc5 48. Kg2 Kd4 49. Kh1 Kxe5 50. b4 axb4 51. a5 b3 0-1

[Event "Stuttgarter Stadtmeisterschaft B-Turnier"]
[Site "Ditzingen"]
[Date "2009.05.23"]
[Round "6.46"]
[White "Awiszus, Thomas"]
[Black "Rühl, Volker"]
[Result "1-0"]
[WhiteElo "1539"]
[BlackElo "1873"]
[PlyCount "117"]
[EventDate "2009.??.??"]
[WhiteTeam "SV Fellbach"]
[BlackTeam "SAbt VfL Sindelfingen"]

1. Nf3 Nf6 2. g3 g6 3. Bg2 Bg7 4. O-O O-O 5. c4 c5 6. Nc3 Nc6 7. a3 d6 8. Rb1
Be6 9. d3 h6 10. b4 Qd7 11. Re1 Rfc8 12. Bd2 b6 13. Nb5 cxb4 14. axb4 d5 15. c5
bxc5 16. bxc5 a6 17. Nc3 Rab8 18. Rb6 Rxb6 19. cxb6 Rb8 20. Na4 Nd8 21. Bf4 Rc8
22. Bc7 Ne8 23. Bxd8 Rxd8 24. Qb3 Rb8 25. Rb1 Nd6 26. Nd2 Nc8 27. e3 Qb5 28.
Qxb5 axb5 29. Rxb5 Bd7 30. Rxd5 Bxa4 31. Rd8+ Kh7 32. b7 Rxb7 33. Bxb7 Nd6 34.
Ba6 Bc2 35. d4 Ba4 36. Ra8 Bc6 37. Ra7 Bf8 38. Kf1 Kg8 39. Ke2 e6 40. f3 Bg7
41. Kd3 h5 42. Nb3 Bxf3 43. Rd7 Be4+ 44. Kd2 Nf5 45. Bd3 Bd5 46. Bxf5 Bxb3 47.
Bc2 Bc4 48. Kc3 Bb5 49. Rd8+ Bf8 50. Bb3 Kg7 51. e4 Be7 52. Rb8 Bf1 53. d5 Bd6
54. Rb7 Ba6 55. Rb6 Be5+ 56. Kd2 Bf1 57. d6 Bd4 58. Rb8 Be5 59. d7 1-0

[Event "Stuttgarter Stadtmeisterschaft B-Turnie"]
[Site "Ditzingen"]
[Date "2009.05.23"]
[Round "6.47"]
[White "Hennig, Jan"]
[Black "Srokovskiy, Andrea"]
[Result "1/2-1/2"]
[WhiteElo "1534"]
[BlackElo "1809"]
[PlyCount "39"]
[EventDate "2009.??.??"]
[WhiteTeam "SF 59 Kornwestheim"]
[BlackTeam "OSC - SG Baden-Baden 1922 e.V."]

1. c4 e5 2. g3 Nf6 3. Bg2 Nc6 4. Nc3 Bc5 5. Nf3 d6 6. Rb1 Be6 7. d3 O-O 8. O-O
Qd7 9. a3 Bh3 10. b4 Bb6 11. Bg5 Bxg2 12. Kxg2 Qe6 13. Bxf6 Qxf6 14. Nd5 Qd8
15. Qb3 Ne7 16. Nxb6 axb6 17. Rfd1 Qd7 18. e4 Ng6 19. d4 Qg4 20. Qe3 1/2-1/2

[Event "Stuttgarter Stadtmeisterschaft B-Turnier"]
[Site "Ditzingen"]
[Date "2009.05.23"]
[Round "6.48"]
[White "Hirneise, Lothar"]
[Black "Witt, Holger"]
[Result "1-0"]
[WhiteElo "1714"]
[BlackElo "1555"]
[PlyCount "75"]
[EventDate "2009.??.??"]
[WhiteTeam "Sabt SpVgg Rommelshausen"]
[BlackTeam "SC 1934 Viernheim"]

1. d4 e6 2. c4 Nf6 3. Nc3 Bb4 4. Qc2 b6 5. a3 Be7 6. Nf3 c5 7. dxc5 Bxc5 8. b4
Be7 9. Bf4 a6 10. e3 Bb7 11. Bd3 O-O 12. Be5 g6 13. Bf4 d6 14. O-O Nbd7 15. Bg5
Re8 16. Rad1 Qc7 17. Rc1 Rac8 18. Qb2 Qb8 19. Na4 Ne4 20. Bxe7 Rxe7 21. Qb1 Qa8
22. Qb2 Ree8 23. Be2 d5 24. Rfd1 Qa7 25. Qd4 Bc6 26. Nc3 Nxc3 27. Rxc3 Red8 28.
h4 h5 29. Ng5 Nf8 30. Qf6 Qb7 31. g4 d4 32. exd4 Rd7 33. gxh5 gxh5 34. Rg3 Ng6
35. Bxh5 Rf8 36. Be2 Be4 37. h5 Bf5 38. h6 1-0